000 00796cam a22002773a 4500
001 3797
003 PGUSA
005 20140828083038.0
008 041025s2004||||xxu|||||s|||||000 1 eng d
040 _aPGUSA
_beng
042 _adc
050 4 _aPR
100 1 _aWells, H. G.
_q(Herbert George),
_d1866-1946
245 1 0 _aIn the Days of the Comet
_h[electronic resource] /
_cH. G. Wells
260 _bProject Gutenberg,
_c2004
506 _aPublic domain in the USA.
516 _aElectronic text
653 _aComets -- Collisions with Earth -- Fiction
653 _aUtopias -- Fiction
653 _aScience fiction
653 _aUtopian fiction
653 _aPolitical fiction
830 0 _aProject Gutenberg
_v3797
856 4 0 _uhttp://www.gutenberg.org/ebooks/3797
942 _cEB
999 _c233126
_d233126